[Event "National op"]
[Site "Las Vegas"]
[Date "1997.??.??"]
[Round "5"]
[White "Browne, Walter Shawn"]
[Black "Van Buskirk, Charles Anthony"]
[Result "1-0"]
[WhiteElo "2600"]
[BlackElo "2335"]
[PlyCount "75"]
[EventDate "1997.08.03"]
[EventType "swiss"]
[EventRounds "6"]
[EventCountry "USA"]
[SourceTitle "CBM 058 Extra"]
[Source "ChessBase"]
[SourceDate "1997.07.29"]
[SourceVersion "1"]
[SourceVersionDate "1997.07.29"]
[SourceQuality "1"]

1. d4 Nf6 2. c4 e6 3. Nf3 d5 4. Nc3 Bb4 5. cxd5 exd5 6. Bg5 Nbd7 7. Qb3 c5 8. a3 Bxc3+ 9. Qxc3 c4 10. b3 b5 11. Nd2 0-0 12. e3 a5 13. bxc4 bxc4 14. Be2 Nb6 15. 0-0 Bf5 16. g4 Na4 17. Qc1 Bd7 18. Bf3 Rc8 19. Bxd5 Bxg4 20. Bg2 h6 21. Bxf6 Qxf6 22. Qc2 Bd7 23. Nf3 c3 24. Ne5 Bb5 25. Rfb1 Nb2 26. a4 Ba6 27. Ra3 Qd6 28. Rxc3 Rxc3 29. Qxc3 Nxa4 30. Qxa5 f6 31. Nc6 Bd3 32. Qxa4 Bxb1 33. Qb3+ Kh8 34. Qxb1 Rc8 35. Qb5 Qa3 36. Be4 Qd6 37. Qf5 g6 38. Qxc8+ 1-0

[Event "Southern California-ch"]
[Site "Irvine"]
[Date "1997.??.??"]
[Round "7"]
[White "Lakdawala, Cyrus"]
[Black "Van Buskirk, Charles Anthony"]
[Result "1-0"]
[WhiteElo "2385"]
[BlackElo "2260"]
[PlyCount "57"]
[EventDate "1997.07.??"]
[EventType "tourn"]
[EventRounds "7"]
[EventCountry "USA"]
[EventCategory "3"]
[SourceTitle "EXT 2000"]
[Source "ChessBase"]
[SourceDate "1999.11.16"]
[SourceVersion "1"]
[SourceVersionDate "1999.11.16"]
[SourceQuality "1"]

1. g3 e5 2. Bg2 d5 3. d3 Nf6 4. Nf3 Nc6 5. 0-0 g6 6. c4 Bg7 7. cxd5 Nxd5 8. Nc3 Nde7 9. Rb1 a5 10. a3 0-0 11. b4 axb4 12. axb4 h6 13. Nd2 Be6 14. b5 Na5 15. Ba3 Re8 16. Qc2 Nd5 17. Nxd5 Bxd5 18. Bxd5 Qxd5 19. Qxc7 Rec8 20. Qb6 Qa2 21. Bb4 Qa4 22. Ne4 Nb3 23. Bc3 Qa2 24. Qxb7 Rd8 25. Qe7 Nd4 26. Bxd4 exd4 27. Ra1 Qb2 28. Rfb1 Qc2 29. b6 1-0

[Event "Southern California-ch"]
[Site "Irvine"]
[Date "1997.??.??"]
[Round "6"]
[White "Van Buskirk, Charles Anthony"]
[Black "Sterin, Ilya"]
[Result "1/2-1/2"]
[WhiteElo "2260"]
[BlackElo "2260"]
[PlyCount "67"]
[EventDate "1997.07.??"]
[EventType "tourn"]
[EventRounds "7"]
[EventCountry "USA"]
[EventCategory "3"]
[SourceTitle "EXT 2000"]
[Source "ChessBase"]
[SourceDate "1999.11.16"]
[SourceVersion "1"]
[SourceVersionDate "1999.11.16"]
[SourceQuality "1"]

1. d4 Nf6 2. c4 e6 3. Nc3 Bb4 4. e3 0-0 5. Bd3 d5 6. Nf3 Nc6 7. 0-0 dxc4 8. Bxc4 Bd6 9. Bb5 Nd7 10. e4 e5 11. Bxc6 bxc6 12. Be3 exd4 13. Nxd4 Ne5 14. h3 Ba6 15. Re1 Nd3 16. Re2 c5 17. Nf5 Qe8 18. Rd2 c4 19. Qg4 g6 20. Nd5 Qe6 21. Bd4 Ne5 22. Nh6+ Kg7 23. f4 Bc5 24. fxe5 Bxd4+ 25. Rxd4 Kxh6 26. Qxe6 fxe6 27. Nxc7 Rab8 28. Nxa6 Rxb2 29. Rxc4 Rff2 30. Rc3 Rxg2+ 31. Kf1 Rbf2+ 32. Ke1 Re2+ 33. Kf1 Rgf2+ 34. Kg1 1/2-1/2